Perfil del aire (Record no. 66787)

MARC details
000 -LEADER
campo de control de longitud fija 00915nam a2200241 i 4500
001 - NÚMERO DE CONTROL
campo de control 66787
003 - IDENTIFICADOR DE NÚMERO DE CONTROL
campo de control ES-MaACL
005 - FECHA Y HORA DE LA ÚLTIMA TRANSACCIÓN
campo de control 20230906165833.0
007 - CAMPO FIJO DE DESCRIPCIÓN FÍSICA--INFORMACIÓN GENERAL
campo de control de longitud fija t|
008 - DATOS DE LONGITUD FIJA--INFORMACIÓN GENERAL
campo de control de longitud fija 030521s2002 sp ||||0| spa d
040 ## - FUENTE DE CATALOGACIÓN
Centro catalogador/agencia de origen M-BN
Lengua de catalogación spa
Centro/agencia transcriptor M-BN
080 ## - NÚMERO DE LA CLASIFICACIÓN DECIMAL UNIVERSAL
Número de la Clasificación Decimal Universal 821.134.2-14"19"
100 1# - ENTRADA PRINCIPAL--NOMBRE DE PERSONA
Nombre de persona Cernuda, Luis,
Fechas asociadas al nombre 1902-1963
9 (RLIN) 37529
245 10 - MENCIÓN DEL TÍTULO
Título Perfil del aire
Resto del título : (transcripción) /
Mención de responsabilidad, etc. Luis Cernuda.
260 ## - PUBLICACIÓN, DISTRIBUCIÓN, ETC.
Lugar de publicación, distribución, etc. Sevilla :
Nombre del editor, distribuidor, etc. Ayuntamiento de Sevilla :
-- Fundación El Monte,
Fecha de publicación, distribución, etc. 2002.
300 ## - DESCRIPCIÓN FÍSICA
Extensión [36] p. ;
Dimensiones 23 cm +
Material acompañante/anejo 1 cuadernillo de 48 h. sueltas.
500 ## - NOTA GENERAL
Nota general "Luis Cernuda, Sevilla 2002-Centenario de su nacimiento"
500 ## - NOTA GENERAL
Nota general Incluye el facsímil del original autógrafo en hojas sueltas, propiedad de la Residencia de Estudiantes.
710 1# - ENTRADA AGREGADA--NOMBRE DE ENTIDAD CORPORATIVA
Nombre de entidad corporativa o nombre de jurisdicción como elemento de entrada Sevilla.
Unidad subordinada Ayuntamiento.
9 (RLIN) 1391
710 2# - ENTRADA AGREGADA--NOMBRE DE ENTIDAD CORPORATIVA
Nombre de entidad corporativa o nombre de jurisdicción como elemento de entrada Residencia de Estudiantes (Madrid)
9 (RLIN) 6437
852 ## - LOCALIZACIÓN
Ubicación ES-MaACL
Número de control de estantería L-27269
Sublocalización o colección R.132920
Holdings
Estatus retirado Estado de pérdida Estado de daño No para préstamo Biblioteca de origen Biblioteca actual Ubicación en estantería Fecha de adquisición Fuente de adquisición Total de préstamos Signatura topográfica completa Código de barras Visto por última vez Precio de reemplazo Tipo de ítem Koha
        Biblioteca del Ateneo de Madrid Biblioteca del Ateneo de Madrid Depósito 2 17/01/2008     L-27269 1069953 23/02/2023 23/02/2023 Libro impreso